Logo BPK

Biblioteka

Politechniki Koszalińskiej

Środki trwałe oraz wartości niematerialne i prawne 2008 / (Rekord nr 55373)

Szczegóły MARC
000 -ETYKIETA REKORDU
podpole kontrolne o stałej długości 01185nam a2200313 i 4500
001 - NUMER KONTROLNY REKORDU
pole kontrolne bg
015 ## - NUMER BIBLIOGRAFII NARODOWEJ
Numer bibliografii narodowej PB 10390/2008
020 ## - MIĘDZYNARODOWY ZNORMALIZOWANY NUMER KSIĄŻKI - ISBN
ISBN 9788360235690
040 ## - ŹRÓDŁO KATALOGOWANIA
Instytucja, która utworzyła rekord BPK
041 0# - KOD JĘZYKA
Kod języka tekstu pol
044 ## - KOD KRAJU WYDAWCY/PRODUCENTA
Kod kraju wydawcy/producenta POL
080 ## - UNIWERSALNA KLASYFIKACJA DZIESIĘTNA - UKD
UKD 346.52:347.728.1:658.2:336.226.322:336.226.1](438)
920 ## - Międzynarodowy znormalizowany numer książki – ISBN
ISBN 978-83-60235-69-0
008 - POLE O STAŁEJ DŁUGOŚCI - DANE KONTROLNE
podpole kontrolne o stałej długości 080418s2008 pl f |000 0 pol
100 1# - NAZWA OSOBOWA
Nazwa osobowa Wieczorek-Fronia, Małgorzata.
245 10 - TYTUŁ/ODPOWIEDZIALNOŚĆ
Tytuł Środki trwałe oraz wartości niematerialne i prawne 2008 /
Pozostałe elementy strefy tytułu i oznaczenia odpowiedzialności Małgorzata Wieczorek-Fronia, Małgorzata Grzybowska, Janusz Zubrzycki.
250 ## - STREFA WYDANIA
Oznaczenie wydania Stan prawny na 2008 r.
260 ## - STREFA ADRESU WYDAWNICZEGO
Miejsce wydania Wrocław :
Nazwa wydawcy/dystrybutora Oficyna Wydawnicza "Unimex",
Data publikacji, dystrybucji/powstania dokumentu 2008.
300 ## - STREFA OPISU FIZYCZNEGO
Objętość 802, [1] s. ;
Rozmiary 24 cm.
500 ## - UWAGI OGÓLNE
Tekst uwagi Zawiera także teksty aktów prawnych.
650 #9 - HASŁO PRZEDMIOTOWE W FORMIE NAZWY OGÓLNEJ LUB JEDNOSTKOWEJ
Nazwa ogólna lub geograficzna Amortyzacja
Określnik ogólny prawo
Określnik geograficzny Polska
Określnik chronologiczny stan na 2008 r.
650 #9 - HASŁO PRZEDMIOTOWE W FORMIE NAZWY OGÓLNEJ LUB JEDNOSTKOWEJ
Nazwa ogólna lub geograficzna Majątek trwały
Określnik ogólny prawo
Określnik geograficzny Polska
Określnik chronologiczny stan na 2008 r.
650 #9 - HASŁO PRZEDMIOTOWE W FORMIE NAZWY OGÓLNEJ LUB JEDNOSTKOWEJ
Nazwa ogólna lub geograficzna Podatek dochodowy
Określnik ogólny prawo
Określnik geograficzny Polska
Określnik chronologiczny stan na 2008 r.
650 #9 - HASŁO PRZEDMIOTOWE W FORMIE NAZWY OGÓLNEJ LUB JEDNOSTKOWEJ
Nazwa ogólna lub geograficzna Podatek od towarów i usług
Określnik ogólny prawo
Określnik geograficzny Polska
Określnik chronologiczny stan na 2008 r.
700 1# - HASŁO DODATKOWE - NAZWA OSOBOWA
Nazwa osobowa Grzybowska, Małgorzata.
700 1# - HASŁO DODATKOWE - NAZWA OSOBOWA
Nazwa osobowa Zubrzycki, Janusz.
856 ## - LOKALIZACJA I DOSTĘP DO ELEKTRONICZNYCH DOKUMENTÓW ZDALNYCH
Link (URL) http://koha.tu.koszalin.pl/cgi-bin/koha/opac-detail.pl?biblionumber=55373
Tekst linku Katalog online BPK
942 ## - DODATKOWE ELEMENTY (KOHA)
Typ dokumentu Książka
Egzemplarze
Wycofany Status egzemplarza Uszkodzony Dostępność Lokalizacja stała Lokalizacja bieżąca Miejsce przechowywania Sygnatura Kod kreskowy Ostatnio wypożyczono Typ dokumentu
      Tylko na miejscu Biblioteka Politechniki Koszalińskiej Biblioteka Politechniki Koszalińskiej Czytelnia Wydziałowa ul. Kwiatkowskiego 6e 88414 02449678 29.08.2018 Książka
© 2023 Biblioteka Politechniki Koszalińskiej :: KOHA